Дело об устройстве в городе Якутске полицейской команды

RUSMARC
00005058cbc2a2200000#x 450
001c3357c85-11ad-4b83-af61-091bd70ec00f
00520251127165229.0
100##$a20180907l18661867k l0rusy0189 ca
1010#$arus
102##$aRU
2001#$aДело об устройстве в городе Якутске полицейской команды
$j19 февраля 1866 г. - 29 марта 1867 г.
251##$cДело
300##$aРукописный текст. Чернила
801#0$aRU
$bРГИА
$c20180907
801#1$aRU
$bГлавНИВЦ
$c20180907
$2rusmarc
801#2$aRU
$bПБ им. Б.Н. Ельцина
$c20200305
$gRCR
$2rusmarc
850##$aФедеральное казенное учреждение "Российский государственный исторический архив"
852##$aРГИА
$j166
937##$hРГИА
$d12291248
$aASBIBLIO_SCAN
462#0$1001d8f9f7d4-b5a2-42ce-9901-502471366df6
$12001
$aДела Департамента полиции исполнительной МВД за 1866 год
$vД. 166
$1251
$cОпись
$1852
$j27
461#0$10013e300ed0-cd39-49af-8489-5ba5b90fa401
$12001
$aДепартамент полиции исполнительной МВД
$1251
$cФонд
$1852
$j1286
215##$a13 листов
$d36,5х26 см
371##$aДокумент не является опубликованным и широко распространяемым
105##$ay###
1222#$ad18660219##
$ad18670329##
035##$ac3357c85-11ad-4b83-af61-091bd70ec00f
856##$uhttp://readingroom.main.prlib.ru/item.aspx?id_node=n143014274&mode=full
6061#$2prlib_sh
$3LIBNET\UAF\0000118913
$aПолиция
$xИстория
$yЯкутск, город (Якутия)
$jДокументы и материалы
686##$2rubbk
$a63.3(28-8Яку)522-36ю11
$vLBC/M
605##$2acquisition_Prlib
$3LIBNET\UAF\0000118912
$aГород Якутск
$lколлекция
605##$aРеспублика Саха (Якутия): страницы истории
$lколлекция
$2acquisition_Prlib
$3LIBNET\UAF\0000067280
605##$aВласть
$lколлекция
$2acquisition_Prlib
$3DITM\AF\0000002775
605##$2acquisition_Prlib
$3DITM\AF\0000003834
$aНарод
$lколлекция
Формат отображения